Loading...
| Arts - Music | 4 | 17.50 | 100% | 75% | 0% |
| Arts - Other Arts | 5 | 16.00 | 100% | 60% | 0% |
| Arts - Painting | 5 | 16.00 | 100% | 40% | 20% |
| History - American History | 6 | 18.33 | 100% | 67% | 17% |
| History - European | 4 | 20.00 | 100% | 50% | 50% |
| History - Other History | 3 | 30.00 | 100% | 100% | 100% |
| History - World | 1 | 30.00 | 100% | 100% | 100% |
| History - World History | 5 | 24.00 | 100% | 80% | 60% |
| Literature - American Lit | 8 | 13.75 | 100% | 38% | 0% |
| Literature - British Lit | 4 | 15.00 | 100% | 25% | 25% |
| Literature - European Lit | 5 | 14.00 | 100% | 40% | 0% |
| Literature - World | 1 | 10.00 | 100% | 0% | 0% |
| Literature - World Lit | 6 | 15.00 | 100% | 33% | 17% |
| Mythology | 4 | 15.00 | 100% | 50% | 0% |
| NA | 1 | 20.00 | 100% | 100% | 0% |
| Other - Geo/CE | 6 | 20.00 | 100% | 83% | 17% |
| Other Academic | 5 | 14.00 | 100% | 40% | 0% |
| Pop Culture | 2 | 20.00 | 100% | 50% | 50% |
| Religion | 6 | 20.00 | 100% | 83% | 17% |
| Science - Biology | 4 | 15.00 | 100% | 50% | 0% |
| Science - Chemistry | 4 | 10.00 | 75% | 25% | 0% |
| Science - Engineering | 2 | 20.00 | 100% | 100% | 0% |
| Science - Other Science | 6 | 13.33 | 100% | 17% | 17% |
| Science - Physics | 5 | 16.00 | 100% | 40% | 20% |
| Thought - Philosophy | 6 | 16.67 | 100% | 50% | 17% |
| Thought - Social Science | 7 | 18.57 | 100% | 71% | 14% |